000 00395nam a2200169Ia 4500
008 170705s9999 xx 000 0 und d
020 _a9780545449311
245 _aHothead /
245 _cCal Ripken and Kevin Cowherd.
260 _aNew York :
260 _bScholastic,
260 _c2011
300 _a135 pages :
300 _bcolor illustration ;
300 _c19cm.
500 _a810
999 _c336414
_d336414